000 00552nam a2200193Ia 4500
005 20250508152541.0
008 008 250505s9999 xx 000 0 hin d
037 _aTextual
040 _aFEDL
_beng
_cFEDL
041 _ahin
_2eng
084 _a891.43, GAU
_qFEDL
100 _aGourn Rajendra Singh
_9761763
245 0 _aSahitya jyotsana. Part 3
260 _aVaranasi, India
_bHindi Pracharak Pustakalya
_c1958
300 _a47p.
700 _a Sastri Rambalak
_9761764
942 _cTEXL
_h891.43, GAU
999 _c1337173
_d1337173